| 000 | 01464cam a2200385 a 4500 | ||
|---|---|---|---|
| 001 | 30232 | ||
| 003 | BD-RjUL | ||
| 005 | 20211209051531.0 | ||
| 008 | 140409s1987 cau b 001 0 eng | ||
| 020 | _a0803928157 | ||
| 020 | _a0803928165 (pbk.) | ||
| 035 | _a(BD-RjUL)30317 | ||
| 040 |
_aDLC _cDLC _dDLC _dInU _dDLC _dBD-RjUL _beng |
||
| 041 | _aeng | ||
| 082 | 0 | 0 |
_a305.23 _219 _bCHI 1987 |
| 245 | 0 | 0 |
_aChildren's ethnic socialization : _bpluralism and development / _cedited by Jean S. Phinney, Mary Jane Rotheram. |
| 260 |
_aNewbury Park : _bSage Publications, _cc1987. |
||
| 300 |
_a328 p. ; _c22 cm. |
||
| 490 | 0 |
_aSage focus editions ; _vv. 81 |
|
| 500 | _a"Published in cooperation with the Society for Research in Child Development." | ||
| 500 | _aIncludes index. | ||
| 504 | _aBibliography: p. 293-323. | ||
| 650 | 0 |
_aEthnicity in children. _991896 |
|
| 650 | 0 |
_aChildren of minorities. _991897 |
|
| 650 | 0 |
_aEthnicity in children _zUnited States. _991898 |
|
| 650 | 0 |
_aChildren of minorities _zUnited States. _991899 |
|
| 650 | 0 |
_aSocialization. _911886 |
|
| 700 | 1 |
_aPhinney, Jean S. _991900 |
|
| 700 | 2 |
_aRotheram-Borus, Mary J. _q(Mary Jane), _d1949- _991901 |
|
| 856 | 4 | 2 |
_3Publisher description _uhttp://www.loc.gov/catdir/enhancements/fy0654/86001971-d.html |
| 856 | 4 | 1 |
_3Table of contents only _uhttp://www.loc.gov/catdir/enhancements/fy0654/86001971-t.html |
| 942 |
_2ddc _cBK |
||
| 999 |
_c30232 _d30232 |
||